| 000 | 00675nam a2200181 i 4500 | ||
|---|---|---|---|
| 001 | 36914 | ||
| 003 | ES-MaACL | ||
| 005 | 20230906155451.0 | ||
| 007 | t| | ||
| 008 | 030219s1952 sp ||||1| spa d | ||
| 100 | 1 |
_aBrowne, Francis J. _932030 |
|
| 245 | 1 | 0 |
_aHigiene antenatal y postnatal / _cpor Francis J. Browne ; versión española de la 7ª edición inglesa por José Mª Sala Ponsati y Francisco Haro García. |
| 260 |
_aBarcelona : _bLabor, _c1952 ( _fTalls. grafs. de la S.G. de P.) |
||
| 300 |
_aXVI, 597 p. : _bil. ; _c25 cm. |
||
| 700 | 1 |
_aSala Ponsati, José María. _9101670 |
|
| 700 | 1 |
_aHaro García, Francisco. _961877 |
|
| 852 |
_aES-MaACL _jE-1460 _bR.31544 |
||
| 999 |
_c36914 _d36914 |
||